| 000 | 00417nam a2200157Ia 4500 | ||
|---|---|---|---|
| 008 | 210719s1964 xx 000 0 und d | ||
| 041 | _aeng | ||
| 082 | _a327.73 WARP | ||
| 100 | _aWARREN (Sidney) | ||
| 245 | _aPresident as world leader. | ||
| 260 |
_aCalcutta _bScientific Book Agency _c1964 |
||
| 300 |
_aix,480 _bHB |
||
| 365 |
_b8 _cRs |
||
| 650 | _aInternational Relations | ||
| 906 | _aUnited States President | ||
| 999 |
_c212778 _d212778 |
||